000 00711nam a22001695i 4500
001 172317
003 ES-MaACL
005 20230906214855.0
008 090625s2008 sp |||| | spa d
080 _a821.134.2-392"14"
100 1 _aPinto Cañón, Ramiro.
_992228
245 1 0 _aAmadís de Gaula y la modernidad
_b: conferencia impartida el 25 de abril 2008 en homenaje al V centenario de la edición del libro "Amadís de Gaula" de Garci Rodríguez Montalvo en Urueña, Villa del libro (Valladolid) /
_cpor Ramiro Pinto Cañón.
260 _aLeón :
_bTertulia Literaria Leonesa,
_c[2008]
300 _a32 p. ;
_c20 cm.
630 0 4 _aAmadís de Gaula.
_9140846
852 _aES-MaACL
_j2251-F-21
_9R.144382
999 _c172317
_d172317